Datum a čas kvízu

22 Celkem bodů Celkový počet nahraných bodů na tomto kvízu bez doplňovacích otázek.
6. Pořadí na kvízu Konečné umístění týmu na tomto kvízu.

Zaznamenané odpovědi

# Otázka Odpověď Body Výsledky
1. Pokud by mělo platit staré ant... Zlý 0
2. Na švýcarských mincích se popr... Roger Federer 1
3. Český rozhlas spustil internet... Můj rozhlas 0
4. V pondělí začala v jedné evrop... Madrid 0
5. Zlatý míč za rok 2019 získal L... Liverpool FC 0
6. Toto téma zvítězilo minulý týd... Moa 0
7. Jakým způsobem souvisí s naším... Na tomto fiktivním ostrově se odehrával děj filmu Jurský park. 1
8. Na tomto obrázku vidíme velkou... latimérie podivná 1
9. Mnohým z vás jistě při přečten... Mauricius 1
10. Mezinárodní svaz ochrany příro... Červený (seznam) 0